| 000 | 00618nam a2200205 i 4500 | ||
|---|---|---|---|
| 001 | 129562 | ||
| 003 | ES-MaACL | ||
| 005 | 20250820051417.0 | ||
| 007 | t| | ||
| 008 | 070626s1966 sp ||||1| spa d | ||
| 080 | _a232.931 | ||
| 100 | 1 |
_aThurian, Max. _9110184 |
|
| 245 | 1 | 0 |
_aMaría, madre del Señor, figura de la Iglesia / _cMax Thurian ; [traducción de Enrique Mª Goiburu]. |
| 260 |
_aZaragoza : _bHechos y Dichos, _c[1966] |
||
| 300 |
_a171 p. ; _c18 cm. |
||
| 600 | 0 | 4 |
_aVirgen María _9115436 |
| 700 | 1 |
_aGoiburu, Enrique. _957603 |
|
| 852 |
_aES-MaACL _jC-29171 |
||
| 999 |
_c129562 _d129562 |
||